FC 25 TOTW 10 - Statistics

General Stats
  • This quiz has been taken 3 times
  • The average score is 9 of 23
Answer Stats
rat pos club player % Correct
TOTW 87 ST Al-Nassr Cristiano Ronaldo
100%
TOTW 92 ST Manchester City Erling Haaland
100%
TOTW 86 CAM Rennes Amine Gouiri
50%
TOTW 83 ST Torino Antonio Sanabria
50%
TOTW 85 RW Real Madrid Brahim Díaz
50%
TOTW 86 RB Inter Milan Denzel Dumfries
50%
TOTW 86 ST Brighton Women Fran Kirby
50%
TOTW 86 RM Man United Women Geyse
50%
TOTW 88 CM OL Féminin Lindsey Horan
50%
TOTW 84 LB Aston Villa Lucas Digne
50%
TOTW 86 RB Chelsea Women Lucy Bronze
50%
TOTW 83 CB Napoli Mathías Olivera
50%
TOTW 84 CAM Inter Milan Mehdi Taremi
50%
TOTW 89 CM Barça Femení Patri Guijarro
50%
TOTW 86 CM Newcastle Sandro Tonali
50%
TOTW 86 GK Washington Spirits Aubrey Kingsbury
0%
TOTW 83 ST Real Betis Ayoze Pérez
0%
TOTW 83 ST Levante Femenino Ivonne Chacón
0%
TOTW 83 LM Celtic Luis Palma
0%
TOTW 86 CAM Orlando Pride Marta
0%
TOTW 83 CAM NAC Breda Matthew Garbett
0%
TOTW 86 CB Frankfurt Frauen Sara Doorsoun
0%
TOTW 83 CM Casa Pia Telasco Segovia
0%
No matching quizzes found
Score Distribution
Percent of People with Each Score
Percentile by Number Answered
Your Score History
You have not taken this quiz